1300 1790 1146 1051 1781 1520 1308 1076 1005 1786 1571 1629 1068 1599 1396 1010 1005 1283 1746 1017 1145 1520 1490 1498 1715 1324 1253 1052 1316 1817 1401 1410 1628 1559 1028 1899 1114 1628 1015 1100 1409 1016 1378 1985 1721 1407 1629 1529 1511 1629 1664 1713 1948 1383 1467 1694 1909 1539 1780 1981 1324 1623 1205 1209 1239 1255 1367 1682 1309 1277 1549 1652 1682 1743 1714 1963 1111 1992 1737 1032 1040 1881 1256 1721 1628 1341 1969 1634 1183 1111 1099 1936 1659 1528 1128 1372 1849 1576 1816 BCNSPRNW ULIB Ver.6.0+V

เปลี่ยนเป็นภาษาไทย

Change to English
 แสดงรายละเอียดบรรณานุกรม
  กลับหน้าหลัก

Brief Record : Get Marc (ISO 2709) : E-mail record : QR code < ปิดหน้าต่าง
LEADER : 00000nam 2200000uu 4500
001    13399108754
003     ULIB
008    110314s2541||||th 000 0 tha d
020    9745659622
060  4 WY152.5^bพ654ก 2541
100 0  พิกุล บุญช่วง
245 00 การพยาบาลผู้ป่วยภาวะหัวใจล้มเหลว^cพิกุล บุญช่วง
250    พิมพ์ครั้งที่ 2
260    เชียงใหม่:^bโครงการตำรา คณะพยาบาลศาสตร์ มหาวิทยาลัยเชียงใหม่,^c2541
300    181 หน้า : ^bภาพประกอบ.
650  7 ภาวะหัวใจล้มเหลว^xการพยาบาล
650  7 การพยาบาลผู้ป่วยภาวะหัวใจล้มเหลว
945    ^p140^l0^i015642
995    เกษร
999 ^a ใช้งานได้ทุกระบบ
รายการนี้ยังไม่มีแท็ก
คุณยังไม่ได้ล็อกอิน คุณสามารถมีกิจกรรมร่วมกับเว็บไซต์ได้ แต่ต้องล็อกอินก่อน ::
  ล็อกอิน

รายการสื่อสารสนเทศ

ลำดับที่ ประเภท เลขเรียก/บาร์โค้ด สถานที่ สถานะ
- ไม่พบข้อมูล -

รายการใกล้เคียง
    หัวเรื่อง [การพยาบาลผู้ป่วยภาวะหัวใจล้มเหลว]

BibComment


ยังไม่เคยถูกคอมเมนท์

คอมเมนท์ทรัพยากรรายการนี้
  คอมเมนท์: การพยาบาลผู้ป่วยภ..


 Copyright 2026. Bcnsprnw @Library